[Event "Challenge"]
[Site "http://www.queenalice.com/game.php?id=557192"]
[Date "2009.3.17"]
[Round "-"]
[White "Taranis"]
[Black "cladouceur"]
[Result "1-0"]
[WhiteElo "1631"]
[BlackElo "1183"]

1. e4 Nc6 2. d4 e6 3. d5 exd5 4. Qxd5 Nb4 5. Qe5+ Qe7 6. Qxe7+ Bxe7 7. Bd3 c5 8.
a3 Na6 9. Bxa6 bxa6 10. Nf3 Bb7 11. Nc3 O-O-O 12. Bg5 f6 13. Bf4 g5 14. Bd2 g4
15. Nh4 Rf8 16. Nf5 Re8 17. Nd5 Bxd5 18. exd5 Bd6+ 19. Be3 Be5 20. O-O-O Ne7 21.
Nxe7+ Rxe7 22. Bxc5 Bf4+ 23. Kb1 Re5 24. Bd6 Rf5 25. Bxf4 Rxf4 26. Rd2 Re8 27.
Kc1 Rf5 28. d6 h5 29. Kd1 h4 30. Re1 Rf8 31. c4 g3 32. fxg3 hxg3 33. hxg3 Rg5
34. Rd3 f5 35. Re5 Rh8 36. Ke2 Rhg8 37. Kf2 Kd8 38. b4 Re8 39. Rxe8+ Kxe8 40.
Re3+ Kd8 41. a4 Rg7 42. c5 Rf7 43. b5 axb5 44. axb5 f4 45. Rf3 Rf5 46. Rxf4 Rxc5
47. Rf8# 1-0

[Event "Challenge"]
[Site "http://www.queenalice.com/game.php?id=557201"]
[Date "2009.3.17"]
[Round "-"]
[White "Taranis"]
[Black "Gadou"]
[Result "1-0"]
[WhiteElo "1500"]
[BlackElo "1323"]

1. e4 e5 2. Nf3 Bd6 3. d4 Nc6 4. d5 Nd4 5. Nxd4 Bc5 6. Nf3 d6 7. Bb5+ Bd7 8.
Bxd7+ Qxd7 9. h3 Nf6 10. Nc3 c6 11. O-O O-O-O 12. Bg5 h6 13. Bxf6 gxf6 14. Qd2
Rhg8 15. Qxh6 Rh8 16. dxc6 bxc6 17. Qxf6 Rdg8 18. Ng5 Rxh3 19. Nxh3 Qxh3 20.
Qf5+ Qxf5 21. exf5 f6 22. Ne4 Bb4 23. Nxf6 Rf8 24. Ne4 d5 25. Ng3 Rg8 26. c3 Bc5
27. a4 Rxg3 28. b4 Bb6 29. a5 Bxf2+ 30. Rxf2 Rxc3 31. f6 Rb3 32. f7 Kb7 33. f8=Q
Rxb4 34. Qxb4+ Ka6 35. Qc5 Kb7 36. Rf7+ Kb8 37. Qf8# 1-0

[Event "Challenge"]
[Site "http://www.queenalice.com/game.php?id=557243"]
[Date "2009.3.17"]
[Round "-"]
[White "Taranis"]
[Black "schmooster"]
[Result "1-0"]
[WhiteElo "1574"]
[BlackElo "1402"]

1. e4 c6 2. d4 d5 3. e5 Bf5 4. Bd3 Be4 5. Bxe4 dxe4 6. Nc3 f5 7. Qh5+ g6 8. Qd1
e6 9. Nge2 Bb4 10. Bd2 Bxc3 11. Bxc3 a5 12. Nf4 Qe7 13. Qd2 b5 14. Bxa5 g5 15.
Bb4 Na6 16. Bxe7 Nxe7 17. Nxe6 g4 18. O-O-O Rc8 19. Qa5 Kd7 20. Nc5+ Nxc5 21.
dxc5+ Nd5 22. a4 Ra8 23. Qd2 Rxa4 24. Qh6 Ra1+ 25. Kd2 Ra2 26. Qd6+ Ke8 27.
Qxc6+ Ke7 28. Qd6+ Ke8 29. Qxd5 Ra7 30. e6 Ke7 31. Qd6+ Ke8 32. Qb8+ 1-0

[Event "AUTO-INT-1253"]
[Site "http://www.queenalice.com/game.php?id=562985"]
[Date "2009.3.28"]
[Round "1"]
[White "Taranis"]
[Black "Football_rules"]
[Result "0-1"]
[WhiteElo "1558"]
[BlackElo "1571"]

1. e4 e5 2. Nf3 f6 3. d4 Nc6 4. Nc3 Bb4 5. Qd2 exd4 6. Nxd4 Ne5 7. Nf5 g6 8. Nh6
Ne7 9. Qf4 Rf8 10. Bd2 d6 0-1

[Event "AUTO-ADV-1276"]
[Site "http://www.queenalice.com/game.php?id=565961"]
[Date "2009.4.3"]
[Round "1"]
[White "Taranis"]
[Black "volga1"]
[Result "0-1"]
[WhiteElo "1444"]
[BlackElo "1849"]

1. e4 g6 2. d4 Bg7 3. Nf3 e6 4. Nc3 Ne7 5. Be3 d6 6. Qd2 Nd7 7. O-O-O b6 8. d5
exd5 9. Nxd5 Bb7 10. Bc4 O-O 0-1

[Event "Challenge"]
[Site "http://www.queenalice.com/game.php?id=567092"]
[Date "2009.4.5"]
[Round "-"]
[White "paddymalonespub"]
[Black "Taranis"]
[Result "1-0"]
[WhiteElo "1666"]
[BlackElo "1444"]

1. e4 e5 2. Nf3 Nc6 3. Nc3 Nf6 4. Bc4 Bd6 5. d3 O-O 6. Bg5 Bb4 7. O-O Bxc3 8.
bxc3 h6 9. Bh4 a6 10. d4 exd4 11. cxd4 1-0

[Event "Challenge"]
[Site "http://www.queenalice.com/game.php?id=567094"]
[Date "2009.4.5"]
[Round "-"]
[White "Taranis"]
[Black "paddymalonespub"]
[Result "0-1"]
[WhiteElo "1435"]
[BlackElo "1673"]

1. e4 d5 2. e5 Nc6 3. d4 Bf5 4. Bd3 Bxd3 5. Qxd3 Nb4 6. Qb5+ Nc6 7. Qxb7 Kd7 8.
Nf3 e6 9. Nc3 Bb4 10. a3 Bxc3+ 0-1